zpět

Detail výsledku týmu

Šalanda Assen, Ostrava

Datum a čas kvízu

31 Celkem bodů Celkový počet nahraných bodů na tomto kvízu bez doplňovacích otázek.
9. Pořadí na kvízu Konečné umístění týmu na tomto kvízu.

Zaznamenané odpovědi

# Otázka Odpověď Body Výsledky
1. Zubní lékařka Mariam Szyja z K... prodávala na netu své erotické fotografie 1
2. Princezna Martha Louise se v s... v Norsku 0
3. Čeští tvůrci z Warhorse Studio... Kingdom Come: Deliverance (II) 1
4. Česká pošta oznámila, že od ří... Balíkovna 1
5. Ve Formuli 1 došlo minulý týde... Williams 0
6. Téma začneme stavbou, které mn... v roce 1985 0
7. Žebříčků hodnotících nejoškliv... jako hotel 1
8. Nyní se ptáme na evropského vů... Nicolae Ceaușescu, Rumunsko 0.5
9. I Slovensko má svého zástupce... Martina Šimkovičová 1
10. V této londýnské budově sídlí... MI6 1